Cartoon Characters Quiz! #5 - Statistics

General Stats
  • This quiz has been taken 61 times
  • The average score is 9 of 16
Answer Stats
Picture Answer % Correct
Bluey
79%
Finn
72%
Ned Flanders
72%
Jake
70%
Timmy
70%
Mighty Mouse
65%
Cosmo
63%
Wanda
63%
Muscleman
53%
Benson
51%
Olive Oyl
51%
Tommy Pickles
47%
Chucky
44%
Angelica
40%
Bluto
37%
Pete
33%
No matching quizzes found
Score Distribution
Percent of People with Each Score
Percentile by Number Answered
Your Score History
You have not taken this quiz